Quizzes
Events
Quiz Creation
Community
Videos
Private Events
Remove Ads
Sign In
Join for FREE
Feedback
Dark Mode
Quiz Categories
Sports
Geography
Music
Movies
Television
Just For Fun
Miscellaneous
History
Literature
Language
Science
Gaming
Entertainment
Religion
Holiday
For Kids
Quiz Lab
Recent
Popular Today
Quiz Kudos Today
Editor Picks
Curator Picks
Quizzes by...
Day
Popularity
Type
Ratings
Length
Year
Community
Subscriptions
Recent Discussions
Orange Saloon
Badges
Playlists
Quests
Create
Leaderboards
Showdown
Live 5
Trivia Bingo
Activity
Puzzle Library
Sporcle Events
Private Events
Virtual Trivia
Globe League
Become a Host
Pub Owners
SporcleCon
Opinionation
Our Games
Videos
Blog
Mobile Apps
Partnerships
Remove Ads and Go Orange
Feedback
Television
TV Characters
TV Show
Sitcom
Network
Friends
Reality Shows
Cast
South Park
Star Trek
The Simpsons
Doctor Who
Television
TV Characters
TV Show
Sitcom
Network
Friends
Reality Shows
Cast
South Park
Star Trek
The Simpsons
Doctor Who
Random Quiz
Search Sporcle
×
Quiz Lab
Quiz Lab
Television
Actor
Type in answers that appear in a list
Type in answers that appear in a list
Classic
Best Score? Go Orange.
Drew Carey Show Cast Members Stats
Can you name the Drew Carey Show Cast Members?
By
MovieVGManiac
4m
20 Questions
226 Plays
226 Plays
226 Plays
Comments
Comments
Give Quiz Kudos
Give Quiz Kudos
-
- Ratings
hide this ad
Replay
Link that replays current quiz
Next Quiz
Link to next quiz in quiz playlist
You Got
0%
They Got
Avg Score
46%
Avg Friend Score
Upgrade to see
Score Distribution
Jump to the score distribution portion of the page
Score
0/20
Timer
04:00
0
Plays Today
Actor/Actress
Character
% Correct
Drew Carey
Drew Carey
96%
Kathy Kinney
Mimi Bobeck
91.6%
Diedrich Baber
Oswald Lee Harvey
87.6%
Ryan Stiles
Lewis Kiniski
84%
Christa Miller
Kate O Brien
83.1%
Craig Ferguson
Nigel Wick
79.6%
John Carroll Lynch
Steve Carey
64%
Nan Martin
Mrs. Louder
53.3%
Himself
Speedy The Dog
51.1%
Ian Gomez
Larry Almada
38.2%
Actor/Actress
Character
% Correct
Kate Walsh
Nicki Fifer
31.1%
Marion Ross
Beulah Carey
26.2%
Cynthia Watros
Kellie Newmark
24%
Stanley Anderson
George Carey
22.7%
Katy Selverstone
Lisa Robbins
22.2%
Robert Torti
Jay Clemens
21.3%
Kelly Perine
Chuck
14.2%
Joe Walsh
Ed
12.9%
Bill Cobbs
Tony the Bus Driver
9.8%
Jonathan Mangum
Scott
7.1%
Quiz Playlist
Details
Report
Send in Message
Add To Playlist
Classic:
Type in answers that appear in a list
Last Updated: Apr 16, 2017
Quiz Scoreboard
CHALLENGE
Sign Up to Join the Scoreboard
Show All
Scores
Hide
Comments
May contain spoilers
Recently Published
College Basketball Coaching Resumes
by pancakes188
Sports
9m
Billboard Blitz: Fleetwood Mac
by CooCooCachoo
Music
15s
Presidents Visiting Landmarks
by Hejman
History
7m
More to Explore
Quiz From the Vault
Featured Blog Post
Where Did the Easter Bunny Come From?
hide this ad
You Might Also Like...
Tags
Actor Quiz
Actress Quiz
Cast Quiz
Show Quiz
Carey
Character
Drew
Drew Carey
job
Today's Top Quizzes in Television
Browse Television
hide this ad
Today's Top Quizzes in Actor
Browse Actor
Top Contributed Quizzes in Television
1
5-to-1: The Simpsons Families
2
5-to-1: Television Doctors
3
7-to-1: TV Show Settings
4
5-to-1: Streaming Originals
5
One Piece Logic Puzzle
6
Survivor Seasons
7
Survivor Logic Puzzle: Heroes vs. Villains
8
All US Survivor Seasons in Order
9
TV Shows by First Names
10
Survivor Season by Logo
Explore More
Trending Topics
Marvel
Kpop
Anime
NBA
Harry Potter
Disney
Crossword
Puzzle
Soccer
The Office
Country
NFL
WWE
Song
Pokémon
hide this ad
More By:
MovieVGManiac
Quiz
Plays
Rating
Category
Featured
Created
Romero's Dead Series
15,693
4.15
Movies
Oct 2, 2009
Frasier Characters
5,937
4.12
Television
Oct 1, 2009
Tom and Jerry Characters
3,250
3.00
Television
Jan 1, 2010
Ice Age Characters
2,413
5.00
Movies
Nov 3, 2009
Red Dwarf Characters
2,317
3.09
Television
Oct 3, 2009
Go to Creator's Profile
Score Distribution
Quiz Creator Spotlight
MovieVGManiac
Follow
Send a Message
Quizzes Created
-
Created Quiz Play Count
-
More By This Creator
Popular Quizzes Today
1
Find the US States - No Outlines Minefield
2
Find the Countries of Europe - No Outlines Minefield
3
The Countries of the World
4
Find the US States
5
Risky Map Clicking: Biggest States A-Z
6
US States
7
Popular People in 1961
8
Movies - When Are They Set?
More Television Quizzes
1960's TV Character Occupations
Curator's Pick
Trending Quizzes
Risky Map Clicking: Least Populous States A-Z
1-10 Letter G Words
1-10 Letter F Words
Risky Map Clicking: Next State Alphabetically
Click the Washington State Counties! (Map)
Recently Updated
Leaping Animals
pecheneg
Reality TV Shows (A-Z)
bhenderson79
Rickey Henderson's Hall of Fame Teammates
pecheneg
Champions League XIs: Arsenal
pecheneg
Quick Pick: Celebrities in WWE's Hall of Fame
aduchscher
A-Z Keypad Blitz II
pecheneg
Multiple Oscar Actors
pecheneg
Mystery Phrase Blitz: Oscar 'Best Actors'
pecheneg
F. Scott Fitzgerald Novels
LTH
Pick 3 Villains
ddd62291
Trending Topics
Marvel
Harry Potter
Crossword
Disney
NBA
Anime
Kpop
Soccer
Pokémon
WWE
Puzzle
Country
NFL
Song
The Office
Your Account Isn't Verified!
In order to create a playlist on Sporcle, you need to verify the email address you used during registration. Go to your
Sporcle Settings
to finish the process.
Report this User
Report this user for behavior that violates our
Community Guidelines
.
Details:
Send Report
Go to the Sporcle.com Mobile Site →
Comments